01603cam a22002055i 4500020001800000020001500018040000800033082002600041245014500067300005100212490004300263500004600306520090200352650001601254650001401270650001401284650001601298700002201314710006101336 a9789251074039 a9251074038 cNLE a555 FAO 2013 C104 Or.00aGoverning land for women and men :ba technical guide to support the achievement of responsible gender-equitable governance of land tenure / avi, 110 pages :bcolor illustrations ;c27 cm.1 aGovernance of tenure technical guide ; aStatement of responibility from page iii. a"Gender equality is one of the ten core principles of the Voluntary Guidelines on the Responsible Governance of Tenure of Land, Fisheries and Forests in the Context of National Food Security. This guide aims to assist in its implementation through the achievement of responsible gender-equitable governance of land tenure. The guide focuses on equity and on how land tenure can be governed in ways that address the different needs and priorities of women and men. Gender-equitable governance of land tenure ensures that women and men can participate equally in their relationships to land, through both formal institutions and informal arrangements for land administration and management. The guide provides advice on mechanisms, strategies and actions that can be adopted to improve gender equity in the processes, institutions and activities of land tenure governance."--Publisher's description. 0aLand tenure 0aEquality. 7aEquality. 7aLand tenure1 aDaley, Elizabeth,2 aFood and Agriculture Organization of the United Nations,